000
00300nam a2200097Ia 4500
008
240331s9999 xx 000 0 und d
082
_b
Hum
100
_a
Sri lanka foundation
245
0
_a
Human rights and religions in Sri Lanka :
_b
a contemporary on the universal declaration of human rights
942
_c
L
999
_c
2481
_d
2481